Víc než nic : Logika lidského osudu. Z angl.orig.
Salvato in:
| Autore principale: | |
|---|---|
| Natura: | Libro |
| Lingua: | ceco |
| Pubblicazione: |
Praha :
Nakladatelství Lidové noviny,
2002
|
| Serie: | Edice 21
18.svazek |
| Tags: |
Nessun Tag, puoi essere il primo ad aggiungerne!!
|
MARC
| LEADER | 00000nam a22000003a 4500 | ||
|---|---|---|---|
| 001 | stu76249 | ||
| 005 | 20150617225646.3 | ||
| 008 | 020624s2002----xr------------------cze-d | ||
| 020 | |a 80-7106-433-5 | ||
| 040 | |a STU |b slo | ||
| 041 | 0 | |a cze | |
| 044 | |a xr | ||
| 080 | |a 161/162 | ||
| 100 | 1 | |a Wright, Robert |4 aut | |
| 245 | 1 | |a Víc než nic : |b Logika lidského osudu. Z angl.orig. | |
| 260 | |a Praha : |b Nakladatelství Lidové noviny, |c 2002 | ||
| 300 | |a 460 s. Lit.,index | ||
| 830 | 0 | |a Edice 21 |v 18.svazek | |
| 996 | |b C96843 |c C*96843 |l CCXX |s P |a 0 |w stu76249_0001 | ||